[Event "Asuncion CIT op"]
[Site "Asuncion"]
[Date "2023.08.16"]
[Round "7"]
[White "Torres Caballero, Sofia Anabela"]
[Black "Saucedo, Moises"]
[Result "0-1"]
[WhiteElo "1202"]
[BlackElo "1657"]
[PlyCount "86"]
[EventDate "2023.08.12"]
[EventType "swiss"]
[EventRounds "9"]
[EventCountry "PAR"]
[SourceTitle "CBM 215 Extra"]
[Source "ChessBase"]
[SourceDate "2023.09.30"]
[SourceVersion "1"]
[SourceVersionDate "2023.09.30"]
[SourceQuality "1"]

1. e4 c5 2. Nf3 Nc6 3. d4 cxd4 4. Nxd4 e5 5. Nb5 a6 6. Nd6+ Bxd6 7. Qxd6 Qe7 8. Qxe7+ Ngxe7 9. c3 0-0 10. Bc4 h6 11. 0-0 b5 12. Bb3 Na5 13. Bc2 Bb7 14. Be3 Rac8 15. f4 d5 16. Nd2 d4 17. Bf2 dxc3 18. bxc3 Rxc3 19. Rac1 Rfc8 20. Bb6 Nc4 21. Nxc4 R8xc4 22. Rfd1 Ng6 23. f5 Nf4 24. Kf1 Rxc2 25. Rxc2 Rxc2 26. g3 Nh5 27. Rd8+ Kh7 28. Rd7 Bxe4 29. Rxf7 Nf6 30. h3 Bxf5 31. g4 Be6 32. Re7 Bc4+ 33. Kg1 Nd5 34. Rb7 Nxb6 35. Rxb6 Rxa2 36. h4 e4 37. Rb7 e3 38. Re7 Ra1+ 39. Kg2 e2 40. Kf2 Rf1+ 41. Kg2 Bd5+ 42. Kh2 e1Q 43. Rxe1 Rxe1 0-1

[Event "PAR-ch sf"]
[Site "Asuncion"]
[Date "2017.08.13"]
[Round "3"]
[White "Saucedo, Moises"]
[Black "Riline Orso, Alejandro"]
[Result "0-1"]
[WhiteElo "1719"]
[BlackElo "2162"]
[PlyCount "70"]
[EventDate "2017.08.11"]
[EventType "swiss"]
[EventRounds "9"]
[EventCountry "PAR"]
[SourceTitle "CBM 180 Extra"]
[Source "ChessBase"]
[SourceDate "2017.10.06"]
[SourceVersion "1"]
[SourceVersionDate "2017.10.06"]
[SourceQuality "1"]

1. e4 c5 2. Nf3 e6 3. b3 Nc6 4. Bb2 d6 5. g3 Nf6 6. d3 Be7 7. Bg2 Qc7 8. 0-0 0-0 9. Re1 Nd7 10. c4 a6 11. Nc3 Rb8 12. Rc1 Bf6 13. Na4 Bxb2 14. Nxb2 Qa5 15. Ra1 Nde5 16. Qc1 Nxf3+ 17. Bxf3 Nd4 18. Kg2 b5 19. Be2 f5 20. f4 Bb7 21. Bf3 e5 22. Rf1 exf4 23. gxf4 Rf6 24. Qe1 Rg6+ 25. Kh1 Qa3 26. Nd1 bxc4 27. Nc3 cxd3 28. Nd5 Re8 29. Qh4 Bxd5 30. exd5 Nxf3 31. Rxf3 Qb2 32. Rg1 Rxg1+ 33. Kxg1 d2 34. Rf1 Qd4+ 35. Qf2 Re1 0-1

[Event "Asuncion Clasificatorio op 6th"]
[Site "Asuncion"]
[Date "2017.08.05"]
[Round "2.1"]
[White "Saucedo, Moises"]
[Black "Cantero, Rodolfo"]
[Result "0-1"]
[WhiteElo "1719"]
[BlackElo "2032"]
[PlyCount "70"]
[EventDate "2017.08.04"]
[EventType "swiss"]
[EventRounds "7"]
[EventCountry "PAR"]
[SourceTitle "EXT 2023"]
[Source "ChessBase"]
[SourceDate "2022.10.05"]
[SourceVersion "1"]
[SourceVersionDate "2022.10.05"]
[SourceQuality "1"]

1. Nf3 c5 2. g3 Nc6 3. Bg2 g6 4. 0-0 Bg7 5. c4 e5 6. Nc3 d6 7. d3 Nge7 8. Bg5 h6 9. Bd2 0-0 10. Qc1 Kh7 11. Nd5 Nxd5 12. cxd5 Ne7 13. Qc4 a6 14. a4 b6 15. e4 f5 16. h3 g5 17. Bxg5 hxg5 18. Nxg5+ Kh8 19. exf5 Nxf5 20. Ne6 Bxe6 21. dxe6 Ra7 22. Kh2 Qe7 23. Rae1 Nd4 24. f4 b5 25. Qa2 Qxe6 26. Bd5 Qh6 27. axb5 Nxb5 28. Qa5 exf4 29. gxf4 Bxb2 30. Re6 Qh5 31. Qd2 Bc3 32. Qg2 Rg7 33. Qe4 Rfg8 34. Rf2 Rg3 35. Rh6+ Qxh6 0-1

[Event "Asuncion Clasificatorio op 3rd"]
[Site "Asuncion"]
[Date "2017.02.25"]
[Round "2"]
[White "Saucedo, Moises"]
[Black "Heinechen, Juan"]
[Result "0-1"]
[WhiteElo "1675"]
[BlackElo "1998"]
[PlyCount "56"]
[EventDate "2017.02.24"]
[EventType "swiss"]
[EventRounds "7"]
[EventCountry "PAR"]
[SourceTitle "CBM 177 Extra"]
[Source "ChessBase"]
[SourceDate "2017.04.27"]
[SourceVersion "1"]
[SourceVersionDate "2017.04.27"]
[SourceQuality "1"]

1. e4 c5 2. c3 Nf6 3. e5 Nd5 4. Nf3 e6 5. d4 cxd4 6. cxd4 b6 7. Nc3 Nxc3 8. bxc3 Qc7 9. Bd2 Bb7 10. Bd3 d6 11. Qa4+ Nd7 12. Bb5 Bxf3 13. Bxd7+ Qxd7 14. Qxd7+ Kxd7 15. gxf3 g6 16. Be3 Bg7 17. 0-0-0 Kc7 18. f4 Rhd8 19. Kc2 dxe5 20. dxe5 Bf8 21. Rxd8 Rxd8 22. Rd1 Rxd1 23. Kxd1 Kc6 24. c4 a6 25. a4 b5 26. axb5+ axb5 27. cxb5+ Kxb5 28. Kd2 Bb4+ 0-1

[Event "PAR-ch op"]
[Site "Asuncion"]
[Date "2016.10.27"]
[Round "8"]
[White "Heinechen, Juan"]
[Black "Saucedo, Moises"]
[Result "1-0"]
[WhiteElo "2111"]
[BlackElo "1701"]
[PlyCount "79"]
[EventDate "2016.10.21"]
[EventType "swiss"]
[EventRounds "9"]
[EventCountry "PAR"]
[SourceTitle "EXT 2018"]
[Source "ChessBase"]
[SourceDate "2017.10.13"]
[SourceVersion "1"]
[SourceVersionDate "2017.10.13"]
[SourceQuality "1"]

1. e4 Nc6 2. Nf3 d5 3. exd5 Qxd5 4. Nc3 Qd8 5. Bb5 Bd7 6. d4 e6 7. 0-0 Nf6 8. a3 Be7 9. Re1 0-0 10. Bd3 Re8 11. Ne2 Qc8 12. c4 Nd8 13. c5 Bc6 14. Ne5 Bd5 15. Nf4 a5 16. b3 b6 17. Qc2 Qb7 18. Nxd5 Qxd5 19. Bb2 bxc5 20. Rad1 Rb8 21. Bc4 Qd6 22. Qc3 Bf8 23. Qxa5 Nc6 24. Qxc5 Qxc5 25. dxc5 Na5 26. b4 Bxc5 27. bxa5 Rxb2 28. Nd3 Rc2 29. Nxc5 Rxc4 30. Rc1 Rd4 31. Red1 e5 32. Rxd4 exd4 33. Kf1 Ra8 34. a6 Kf8 35. Ke2 Ke7 36. Kd3 Nd7 37. Kxd4 Kd6 38. Nb7+ Ke6 39. Rc6+ Ke7 40. Rxc7 1-0

[Event "Asuncion Clasificatorio op 6th"]
[Site "Asuncion"]
[Date "2016.10.03"]
[Round "7.10"]
[White "Saucedo, Moises"]
[Black "Wilberger, Marcelo"]
[Result "0-1"]
[WhiteElo "1701"]
[BlackElo "1483"]
[PlyCount "52"]
[EventDate "2016.09.30"]
[EventType "swiss"]
[EventRounds "7"]
[EventCountry "PAR"]
[SourceTitle "EXT 2023"]
[Source "ChessBase"]
[SourceDate "2022.10.05"]
[SourceVersion "1"]
[SourceVersionDate "2022.10.05"]
[SourceQuality "1"]

1. e4 c5 2. Nf3 d6 3. c3 Nf6 4. Bd3 Nc6 5. Bc2 e6 6. 0-0 Be7 7. d4 cxd4 8. cxd4 d5 9. e5 Ne4 10. Nc3 Nxc3 11. bxc3 0-0 12. Qd3 g6 13. Bh6 Re8 14. Rae1 a5 15. Qe3 b6 16. Ng5 Ba6 17. f4 Bxf1 18. Rxf1 Rc8 19. g4 Nxd4 20. Qh3 Rxc3 21. Qh4 Rxc2 22. Bg7 Bxg5 23. fxg5 Ne2+ 24. Kh1 d4 25. Rf3 Qd5 26. Kg2 Ng1+ 0-1

[Event "Asuncion Clasificatorio op 3rd"]
[Site "Asuncion"]
[Date "2016.06.11"]
[Round "2.6"]
[White "Saucedo, Moises"]
[Black "Heinechen, John"]
[Result "1-0"]
[WhiteElo "1718"]
[BlackElo "1884"]
[PlyCount "41"]
[EventDate "2016.06.10"]
[EventType "swiss"]
[EventRounds "7"]
[EventCountry "PAR"]
[SourceTitle "EXT 2023"]
[Source "ChessBase"]
[SourceDate "2022.10.05"]
[SourceVersion "1"]
[SourceVersionDate "2022.10.05"]
[SourceQuality "1"]

1. Nf3 c5 2. g3 d5 3. Bg2 Nc6 4. d3 e5 5. 0-0 Bd6 6. Nc3 Nge7 7. e4 d4 8. Nd5 f6 9. c4 Be6 10. a3 0-0 11. Qa4 h6 12. b4 Ng6 13. Re1 f5 14. bxc5 fxe4 15. cxd6 exf3 16. Ne7+ Ngxe7 17. dxe7 Qxe7 18. Bf1 Qd7 19. Re4 g5 20. h4 Bh3 21. Kh2 1-0

[Event "Asuncion IRT op "]
[Site "Asuncion"]
[Date "2015.02.28"]
[Round "6"]
[White "Saucedo, Moises"]
[Black "Lopez, Ivan"]
[Result "1-0"]
[WhiteElo "1738"]
[BlackElo "1449"]
[PlyCount "81"]
[EventDate "2015.02.20"]
[EventType "swiss"]
[EventRounds "9"]
[EventCountry "PAR"]
[SourceTitle "EXT 2017"]
[Source "ChessBase"]
[SourceDate "2016.10.25"]
[SourceVersion "1"]
[SourceVersionDate "2016.10.25"]
[SourceQuality "1"]

1. e4 c5 2. Nf3 e6 3. d4 cxd4 4. Nxd4 Nf6 5. Nc3 Nc6 6. Be3 Bb4 7. Nxc6 bxc6 8. Qd4 c5 9. Qd3 d5 10. exd5 exd5 11. a3 Bxc3+ 12. bxc3 Qa5 13. Qb5+ Qxb5 14. Bxb5+ Bd7 15. Bxd7+ Nxd7 16. 0-0-0 Nb6 17. Bxc5 f6 18. Rhe1+ Kf7 19. Re7+ Kg6 20. Bxb6 axb6 21. Rxd5 Rxa3 22. Rdd7 Rg8 23. Kb2 Ra5 24. c4 Rc5 25. Kb3 b5 26. Rd4 bxc4+ 27. Rxc4 Rb8+ 28. Kc3 Rg5 29. Rcc7 Rg8 30. g3 h5 31. Kd4 h4 32. c4 hxg3 33. hxg3 Rf5 34. f4 Rh5 35. Ke4 Rh1 36. f5+ Kh6 37. Kf4 Rf1+ 38. Kg4 Rd8 39. Rcd7 Rc8 40. Rxg7 Rxc4+ 41. Kh3 1-0

[Event "Asuncion ABC Color op 2nd"]
[Site "Asuncion"]
[Date "2014.01.31"]
[Round "6.5"]
[White "Avalos Arguello, Jose Mathias"]
[Black "Saucedo, Moises"]
[Result "1/2-1/2"]
[WhiteElo "1580"]
[BlackElo "1662"]
[PlyCount "120"]
[EventDate "2014.01.25"]
[EventType "swiss"]
[EventRounds "7"]
[EventCountry "PAR"]
[SourceTitle "EXT 2023"]
[Source "ChessBase"]
[SourceDate "2022.10.05"]
[SourceVersion "1"]
[SourceVersionDate "2022.10.05"]
[SourceQuality "1"]

1. d4 d5 2. Nf3 c5 3. e3 Nf6 4. Bd3 c4 5. Be2 Nc6 6. b3 cxb3 7. axb3 e6 8. 0-0 Bd6 9. c4 dxc4 10. bxc4 0-0 11. Ba3 a6 12. Nc3 Bb4 13. Qb3 Qa5 14. Bxb4 Qxb4 15. Qxb4 Nxb4 16. Rfb1 a5 17. Rxb4 axb4 18. Rxa8 bxc3 19. Ra3 Ne4 20. Bd3 Nf6 21. Rxc3 Rd8 22. Rb3 Kf8 23. c5 Ke7 24. Kf1 Nd7 25. Be4 b5 26. cxb6 Ba6+ 27. Ke1 Kd6 28. Ng5 Ke7 29. Bc6 Nb8 30. Bf3 f5 31. h3 h6 32. Ne4 fxe4 33. Bxe4 Kd6 34. Rc3 Rd7 35. f4 Bb7 36. Bf3 Bxf3 37. gxf3 Rb7 38. Rb3 Nd7 39. Kf2 Nxb6 40. Kg3 Kc6 41. Rc3+ Kd6 42. Rb3 Rb8 43. Kg4 g6 44. h4 Ke7 45. h5 Kf6 46. hxg6 Kxg6 47. e4 Rb7 48. Rb5 Rb8 49. f5+ exf5+ 50. Rxf5 Nc4 51. Rc5 Ne3+ 52. Kf4 Ng2+ 53. Kg3 Ne1 54. Rc6+ Kg7 55. Rc1 Nd3 56. Rd1 Nb2 57. Rb1 Kf6 58. Kh4 Rb4 59. Kh5 Rb3 60. e5+ Kf5 1/2-1/2

[Event "Asuncion ABC Color op 2nd"]
[Site "Asuncion"]
[Date "2014.01.30"]
[Round "5.4"]
[White "Saucedo, Moises"]
[Black "Recalde, Ariel"]
[Result "0-1"]
[WhiteElo "1662"]
[BlackElo "1871"]
[PlyCount "88"]
[EventDate "2014.01.25"]
[EventType "swiss"]
[EventRounds "7"]
[EventCountry "PAR"]
[SourceTitle "EXT 2023"]
[Source "ChessBase"]
[SourceDate "2022.10.05"]
[SourceVersion "1"]
[SourceVersionDate "2022.10.05"]
[SourceQuality "1"]

1. e4 c6 2. f4 d5 3. e5 Bf5 4. d4 e6 5. Nf3 c5 6. Bb5+ Nc6 7. c3 Qb6 8. Qa4 a6 9. Bxc6+ bxc6 10. Be3 Ne7 11. b4 c4 12. 0-0 Qb5 13. Qd1 a5 14. a4 Qb6 15. bxa5 Rxa5 16. Rf2 Be4 17. Qc1 Nf5 18. Rb2 Qa7 19. Bf2 Bxf3 20. gxf3 Be7 21. Nd2 Rxa4 22. Rxa4 Qxa4 23. Rb8+ Bd8 24. Rb4 Qa6 25. Qb2 0-0 26. Rb8 Be7 27. Rxf8+ Bxf8 28. Nf1 Qb5 29. Qc1 g6 30. Ng3 Nh4 31. Nh5 Nxf3+ 32. Kg2 Ne1+ 33. Qxe1 gxh5 34. Bh4 Qb2+ 35. Kh3 Bg7 36. Qg3 Qc2 37. Bg5 Qg6 38. Kh4 Bf8 39. Bd8 c5 40. Qxg6+ hxg6 41. Bb6 cxd4 42. Bxd4 Bh6 43. Kg3 Kf8 44. h3 Ke8 0-1